| 000 | 01122nam0a2200325 4500 | ||
|---|---|---|---|
| 001 | RU\NLR\BIBL_A\022664376 | ||
| 005 | 20251229215142.0 | ||
| 035 | _a(NLR Aleph) 022664376 | ||
| 090 |
_a89000 _c89000 |
||
| 100 | _a20220404d1941 m y0rusy50 ca | ||
| 101 | 0 | _ageo | |
| 102 | _aGE | ||
| 105 | _ay z 000 y | ||
| 181 | 0 |
_ai _baxxe |
|
| 182 | 0 | _an | |
| 200 | 1 |
_aახალი ლექსები _fჩიქოვანი სიმონ |
|
| 203 |
_aТекст _bвизуальный _cнепосредственный |
||
| 210 |
_aთბილისი _cფედერაცია _d1941 |
||
| 215 |
_a127 გვ. _d14სმ. 12მ. |
||
| 541 | 1 |
_6z01790 _a[Новые стихи] _zrus |
|
| 686 | 1 | _aТ9(2=Гр) | |
| 700 | 1 |
_aჩიქოვანი _bს. _f1902-1966 _gსიმონ _4070 |
|
| 790 | 1 |
_6z01541 _aЧиковани _bС. И. _f1902-1966 _gСимон Иванович _4070 |
|
| 852 |
_aNLR _bОНЛ _jГруз/1-711 |
||
| 942 | _cBOOK | ||
| 945 | _aРоссийская национальная библиотека | ||
| 980 | _aNB | ||
| 980 | _aBV | ||